The English We Use for Science /

Enregistré dans:
Détails bibliographiques
Auteur principal: Close, R.A (Auteur)
Format: Livre
Langue:anglais
Publié: London : Longman Group UK, 1965
Tags: Ajouter un tag
Pas de tags, Soyez le premier à ajouter un tag!

MARC

LEADER 00000nam a22000003a 4500
001 stu35136
005 20150617225730.6
008 920410s1965----uk------------------eng-d
040 |a STU  |b slo 
041 0 |a eng 
044 |a uk 
100 1 |a Close, R.A  |4 aut 
245 1 |a The English We Use for Science /  |c [aut.]R.A. Close 
260 |a London :  |b Longman Group UK,  |c 1965 
300 |a 212 s 
996 |b 284M012268  |c M*6174-1  |l MMKN  |s A  |a 24  |w stu35136_0001